000 00635nam a2200241Ia 4500
003 OSt
005 20221005030113.0
006 a|||||r|||| 00| 0
007 ta
008 221004b |||||||| |||| 00| 0 eng d
024 _a48496
037 _cTextual
040 _aCRL
_cCRL
_beng
041 _2eng
_aeng
082 _aQ23, N6
100 _aSmith David
245 0 _aDance of siva
_b Religion, art and poetry in South India
260 _aCambridge
_bCambridge University Press
_c1996
300 _a301p.
_ccm.
650 _aRELIGION
942 _hQ23, N6
_cTEXL
_2cc
999 _c935684
_d935684